000 00626nam a2200229Ia 4500
003 OSt
005 20220928145606.0
006 a|||||r|||| 00| 0
007 ta
008 220927b |||||||| |||| 00| 0 eng d
024 _a81324
037 _cTextual
040 _aSDCL
_cSDCL
_beng
041 _2eng
_aeng
082 _aO-973,M:g, M6
100 _aBercovitch Saevan Ed.
_9513527
245 0 _aIdeology and classic American literature.
260 _c1986
700 _a Jehlen Myra Ed.
_9513528
942 _hO-973,M:g, M6
_cTEXL
_2CC
999 _c834184
_d834184